Discurso del rector Claudio Elórtegui Raffo con motivo de la cuenta anual Claustro Pleno Ordinario 2015

Saved in:
Bibliografiske detaljer
Hovedforfatter: Elórtegui Raffo, Claudio Hipólito (autor)
Format: Bog
Sprog:spansk
Udgivet: Valparaíso Dirección General de Vinculación con el Medio PUCV 2015
Udgivelse:1a. ed
Fag:
Tags: Tilføj Tag
Ingen Tags, Vær først til at tagge denne postø!

MARC

LEADER 00000cam a2200000 a 4500
001 UCE9597
003 CL-VaPUC
008 151029e20150000cl |||||||||||||||||spa|d
082 0 4 |a 378  |b ELO  |2 21 
100 |a Elórtegui Raffo, Claudio Hipólito  |e autor  |9 746130 
245 1 0 |a Discurso del rector Claudio Elórtegui Raffo con motivo de la cuenta anual Claustro Pleno Ordinario 2015 
250 |a 1a. ed 
300 |a 41 p 
942 |c BK 
945 |d 20151029 22:28:00  |a dcastane 
260 |a Valparaíso  |b Dirección General de Vinculación con el Medio PUCV  |c 2015 
650 7 |a CLAUSTRO PLENO  |2 CL-VaPUC  |9 472556 
650 0 |a Discursos académicos   |9 472395 
583 |a last modification  |c 20151029 22:28:00  |k Rodrigo Vera 
999 |c 361260  |d 361258 
952 |0 0  |1 0  |3 erb  |4 0  |6 378_000000000000000_ELO_2015  |7 0  |8 X  |9 471675  |a FDOBUD  |b FDOBUD  |i 524403K  |o 378 ELO 2015  |p 524403K  |r 2019-11-24  |w 2019-11-24  |y BK_X  |z Catalogado en:20151029  |k FHP